Filmy Zdobywcy Oscara (2014-2023) - Nagła Śmierć - Statystyki

Ogólne statystyki
  • Ten quiz został rozwiązany 261 razy
  • Średni wynik to 4 z 10
Answers on the Grid
Answers color-coded by a green-red scale on the quiz's grid according to % correct below.
Parasite
Trzy Billboardy za Ebbing, Missouri
Wszystko Wszędzie Naraz
Roma
La La Land
Duchy Inisherin
CODA
Kształt Wody
Psie Pazury
Oppenheimer
Green Book
Minari
Irlandczyk
Birdman
Spotlight
Biedne Istoty
Moonlight
Nomadland
Whiplash
Mad Max na Drodze Gniewu
 
Statystyki odpowiedzi
Odpowiedź % Poprawnych
Parasite
80%
Oppenheimer
49%
Wszystko Wszędzie Naraz
35%
Green Book
33%
Moonlight
30%
Kształt Wody
27%
Nomadland
26%
Birdman
24%
CODA
24%
Spotlight
24%
Nie znaleziono quizów pasujących do podanych kryteriów
Rozkład punktacji
Procent ludzi z każdym wynikiem
Percentyl według liczby udzielonych odpowiedzi
Twoja historia wyników
Nie rozwiązałeś tego quizu